00400nam a2200109Ia 450000500170000000800410001710000270005824501280008526000370021330000110025065000290026120260328101452.0260328s9999||||xx |||||||||||||| ||und|| aMejía, Jorge Alberto 0aVivienda Moderna en Colombia :b Edificio López, Cali y Centro Urbano Antonio Nariño, Bogotá /cJorge Alberto Mejía bUniversidad Nacional de Colombia a110 p. aARQUITECTURA RESIDENCIAL